000 00632nam a2200229Ia 4500
003 OSt
005 20220923230318.0
006 a|||||r|||| 00| 0
007 ta
008 Pun
024 _a279,327
037 _cTextual
040 _aARTS
_cARTS
_bPun
041 _2Pun
_aPun
082 _aO153,1NBAx, M2
100 _aਬੰਦਵੀ, ਸਤਨਾਮ ਸਿੰਘ
_9156274
245 0 _aਦਬੀਆਂ ਆਵਾਗ਼ਾਂ
260 _c1982
650 _aਪੰਜਾਬੀ ਸਾਹਿਤ
942 _hO153,1NBAx, M2
_cTEXL
_2CC
999 _c383870
_d383870